000
00267 a2200121 4500
001
66174
082
_a
520 WOO
090
_c
38464
_d
38464
100
_a
Wood, Harley
245
_a
Unveiling the Universe
260
_a
London
_b
Angus & Robertson
_c
1967
300
_a
240
942
_a
NUST-CAE
_k
520 WOO
999
_c
301247
_d
301247